| 000 | 00908pam a2200277 a 4500 | ||
|---|---|---|---|
| 001 | 4944021 | ||
| 003 | OSt | ||
| 005 | 20140310182115.0 | ||
| 008 | 960521s1997 maua b 001 0 eng | ||
| 010 | _a 96020812 | ||
| 020 | _a0205263925 (pbk.) | ||
| 040 |
_aDLC _cDLC _dDLC |
||
| 050 | 0 | 0 |
_aGV 211 _b.F73 1997 |
| 082 | 0 | 0 |
_aHS 796.07 _bF87 1997 |
| 100 | 1 |
_aFreeman, William Hardin _d1943- _913663 |
|
| 245 | 1 | 0 |
_aPhysical education and sport in a changing society / _cWilliam H. Freeman |
| 250 | _a5th ed. | ||
| 260 |
_aBoston : _bAllyn and Bacon, _cc1997. |
||
| 300 |
_a352 p. : _bill. ; _c24 cm. |
||
| 650 | 0 |
_aPhysical education and training _xHistory. _913664 |
|
| 650 | 0 |
_aSports _xHistory. _913665 |
|
| 906 |
_a7 _bcbc _corignew _d1 _eocip _f19 _gy-gencatlg |
||
| 942 |
_2lcc _cHS |
||
| 999 |
_c9451 _d9451 |
||